000 00823nam a2200205 4500
005 20240530110342.0
008 141117s2011 le gr 001 0 ara d
020 _a9789953824529
040 _aEG-CaGPL
082 0 4 _221
_a341.25\
_bي م
100 0 _aيوسف الياس
245 1 0 _aمنظمة العمل العربية :
_bقراءة تحليلية نقدية فى سفر مسيرتها /
_cيوسف الياس
260 _aبيروت :
_bمركز دراسات الوحدة العربية ،
_c2011
300 _a222 ص ؛
_c24 سم
650 0 4 _aالمنظمات العربية
650 0 4 _aالحرب العالمية الاولى
_zالدول العربية
650 0 4 _aجامعة الدول العربية
942 _2ddc
_cBK
999 _c59898
_d59898